000
00291nam a22001337a 4500
008
171101b xxu||||| |||| 00| 0 eng d
020
_a
9780071549035
041
_a
eng
080
_a
33
100
_a
59
101
_a
BUS
245
_a
SPIN FREE ECONOMICS
_c
BEHRAVESH.N
942
_2
udc
_c
BK
999
_c
37000
_d
37000